00832cam a2200205 a 450000100100000000500170001000800410002704000250006808200140009310000490010724500680015626000670022430000280029160000490031965100340036865100520040265000430045495201120049799900170060900004413620201002045154.0820402s1980 ch a 000 0 spa d aDO-SdBNPbspacBNPHU axxxbxxxx1 aPinochet Ugarte, Augusto,d1915-2006.92756813aEl día decisivo :b11 de septiembre de 1973 /cA. Pinochet U. aSantiago de Chile :bEmpresa Peridística La Nación,c1980. a279 p. :bil. ;c24 cm.14aPINOCHET UGARTE, AUGUSTOxENTREVISTAS941066 4aChilexHistoriay1973.941067 4aChilexPolítica Y Gobiernoy1970-1973.941068 4aPresidenteszChilexEntrevistas941069 001050718MOaGRbGRcCTd2014-05-19iLF1l0oxxx xxxxp44136-10r2020-06-25w2020-06-25y1ZNo se presta c43625d43625